000 00924nam a22002897i 4500
003 EG-GICUC
005 20260306213909.0
008 260306s1925 fr ||||fr|||| 000 0 fre d
040 _aEG-GiCUC
_bfre
_cEG-GiCUC
_dEG-GiCUC
_eRda
041 _afre
_hfre
082 0 4 _221
_a341.62
_bVA . D
092 0 4 _221
099 _aLaw 11 341.62 VA . D 1925
100 1 _aVanderpol, Alfred
_eAuteur
245 1 0 _aLa doctrine scolastique du droit de guerre /
_cpar Alfred Vanderpol.
264 0 _aParis ;
_bÉditions A. Pedone,
_c1925.
300 _a532 page :
_billustration ;
_c 24 cm.
336 _2rda contenu
_a texte
337 _2rda medias
_aOrdinateur
338 _2 transporteur rda
_a Ressource en ligne
546 _aTexte en français
650 1 _aDroit international public
_2qrmak
651 1 _2qrmak
856 4 0 _uhttps://fll.law.cu.edu.eg/fulltext/bks/B11-08530.pdf
905 _a31
942 _2ddc
_cBK
_e21
_n0
999 _c65244
_d65244